000 00279nam a2200121Ia 4500
008 190216s9999||||xx |||||||||||||| ||und||
100 _aUday Prakash
245 0 _aHindi - Dhathathrey Ka Dhukh
260 _bSabda Shristi
_c2002
300 _a190
650 _aHindi
942 _cBK
999 _c16155
_d16155